[Event "FIDE Online Olympiad"]
[Site "Chess.com"]
[Date "2020.08.08"]
[EventDate "2020.08.07"]
[Round "4"]
[Result "0-1"]
[White "Samer Salman"]
[Black "Warre De Waele"]
[WhiteElo "1735"]
[BlackElo "2238"]
[PlyCount "72"]

1. e4 c5 2. Nf3 d6 3. d4 cxd4 4. Nxd4 Nf6 5. Nc3 a6 6. Bc4 e6
7. Bb3 b5 8. O-O Be7 9. Qf3 Qb6 10. Be3 Qb7 11. Qg3 O-O
12. Bh6 Ne8 13. Rfe1 Bf6 14. Rad1 Bd7 15. f4 Bxd4+ 16. Rxd4
Qb6 17. Bxg7 Nxg7 18. Qf2 Ne8 19. e5 Nc6 20. Rd3 Qxf2+
21. Kxf2 d5 22. f5 Ng7 23. g4 Rac8 24. f6 Ne8 25. Rh3 Nd4
26. Rh6 b4 27. Re3 Nc6 28. Reh3 Nxe5 29. Rxh7 Ng6 30. Ne2 Nxf6
31. R7h5 Nxh5 32. Rxh5 Kg7 33. c3 bxc3 34. Nxc3 a5 35. Bc2 d4
36. Bxg6 fxg6+ 0-1

[Event "FIDE Online Olympiad"]
[Site "Chess.com"]
[Date "2020.08.08"]
[EventDate "2020.08.07"]
[Round "4"]
[Result "0-1"]
[White "Manunthon Atikankhotchasee"]
[Black "Alshaeby Boshra"]
[WhiteElo "1549"]
[BlackElo "1978"]
[PlyCount "62"]

1. d4 Nf6 2. Bg5 g6 3. Bxf6 exf6 4. c4 Bg7 5. e3 d6 6. Nc3 Nd7
7. Nf3 f5 8. g3 Nf6 9. Bg2 Ng4 10. O-O h5 11. h4 O-O 12. Rb1
Re8 13. Re1 Bh6 14. Qd3 Kg7 15. Nh2 g5 16. Nxg4 hxg4 17. hxg5
Bxg5 18. Nd5 c6 19. Nf4 Rh8 20. e4 Qf6 21. Kf1 fxe4 22. Qe3
Bf5 23. Rbd1 Rae8 24. b3 Rh2 25. d5 c5 26. Ke2 Bxf4 27. Qxf4
Rxg2 28. Rh1 e3 29. Kf1 Rxf2+ 30. Qxf2 Bd3+ 31. Kg2 Qxf2# 0-1

[Event "FIDE Online Olympiad"]
[Site "Chess.com"]
[Date "2020.08.08"]
[EventDate "2020.08.07"]
[Round "4"]
[Result "0-1"]
[White "Ghayda M Alattar"]
[Black "Pornouma Promsirinimit"]
[WhiteElo "1950"]
[BlackElo "1559"]
[PlyCount "100"]

1. d4 Nf6 2. Nc3 d5 3. Bg5 c6 4. f3 Bf5 5. Qd2 Nbd7 6. e3 h6
7. Bxf6 Nxf6 8. O-O-O b5 9. Bd3 e6 10. e4 Bg6 11. e5 Bxd3
12. Qxd3 Nd7 13. f4 Nb6 14. Nf3 Nc4 15. Nb1 Qa5 16. Qb3 Qb6
17. g4 a5 18. f5 a4 19. Qd3 a3 20. b3 Nb2 21. Qe3 Nxd1
22. Rxd1 c5 23. fxe6 fxe6 24. Qd3 Qb7 25. Nc3 c4 26. Qg6+ Qf7
27. Qxf7+ Kxf7 28. Nxb5 cxb3 29. cxb3 Rc8+ 30. Kd2 Bb4+
31. Kd3 g5 32. Rf1 Kg6 33. h4 Rhf8 34. h5+ Kg7 35. Nd2 Rxf1
36. Nxf1 Rc1 37. Ne3 Rg1 38. Ke2 Be7 39. Kf2 Ra1 40. Nc3 Rc1
41. Ne2 Ra1 42. Nc3 Bb4 43. Nb5 Rxa2+ 44. Kf3 Bd2 45. Nc7 Kf7
46. Nd1 Rc2 47. Nb5 a2 48. Na3 Rc1 49. Nc2 Rxc2 50. Kg3 a1=Q
0-1

[Event "FIDE Online Olympiad"]
[Site "Chess.com"]
[Date "2020.08.08"]
[EventDate "2020.08.07"]
[Round "4"]
[Result "0-1"]
[White "Prin Laohawirapap"]
[Black "Malek Saif"]
[WhiteElo "1834"]
[BlackElo "1969"]
[PlyCount "74"]

1. e4 e5 2. Nf3 Nc6 3. d4 exd4 4. Nxd4 Bc5 5. Nb3 Bb6 6. Nc3
Nf6 7. Qe2 d6 8. Be3 Be6 9. O-O-O Ng4 10. Bxb6 axb6 11. f4 Nh6
12. h3 Qh4 13. Qe3 Bxb3 14. cxb3 O-O-O 15. g3 Qe7 16. Nd5 Qd7
17. Qc3 f6 18. Bb5 Qe8 19. Nb4 Nxb4 20. Qxb4 c6 21. Be2 Kc7
22. Rd2 Qe7 23. Rhd1 Rhe8 24. Bf3 Nf7 25. a4 Ra8 26. Rc2 Ra5
27. Kb1 Rea8 28. Rdc1 b5 29. e5 bxa4 30. Bxc6 bxc6 31. Rxc6+
Kd8 32. exd6 Qd7 33. bxa4 Rxa4 34. Qb6+ Ke8 35. Qe3+ Kf8
36. Qe7+ Qxe7 37. Rc8+ Qd8 0-1

[Event "FIDE Online Olympiad"]
[Site "Chess.com"]
[Date "2020.08.08"]
[EventDate "2020.08.07"]
[Round "5"]
[Result "0-1"]
[White "Alain Ranaivoharisoa"]
[Black "Al Khatib Ahmad"]
[WhiteElo "2201"]
[BlackElo "2170"]
[PlyCount "104"]

1. e4 g6 2. d4 Bg7 3. Be3 c5 4. c3 Nf6 5. Bd3 cxd4 6. cxd4 d6
7. h3 O-O 8. Nf3 e5 9. O-O exd4 10. Bxd4 Nc6 11. Bc3 d5
12. exd5 Qxd5 13. Bc2 Qh5 14. Nbd2 Be6 15. Ne4 Nxe4 16. Bxg7
Nxf2 17. Rxf2 Kxg7 18. Qd2 Rad8 19. Qc3+ Kg8 20. Re1 Qa5
21. Qf6 Nd4 22. Re3 Nxc2 23. Rxc2 Qxa2 24. Kh2 Qd5 25. Re5 Qd6
26. Rd2 Qb8 27. Re2 Rd5 28. Kg1 Qd8 29. Qf4 Rxe5 30. Rxe5 Qd1+
31. Kh2 Qd6 32. Kg1 f6 33. Re4 Qxf4 34. Rxf4 Kg7 35. Ra4 a6
36. Nd4 Bd7 37. Rc4 Rc8 38. Rxc8 Bxc8 39. Kf2 f5 40. Ke3 Kf6
41. Nb3 Bd7 42. Nc5 Bc6 43. g3 Ke5 44. Nd3+ Kf6 45. h4 h6
46. Kd4 g5 47. hxg5+ hxg5 48. b4 Ke6 49. Ne5 f4 50. gxf4 gxf4
51. Nd3 Kf5 52. Nf2 f3 0-1

[Event "FIDE Online Olympiad"]
[Site "Chess.com"]
[Date "2020.08.08"]
[EventDate "2020.08.07"]
[Round "5"]
[Result "0-1"]
[White "Alshaeby Boshra"]
[Black "Sabine Ravelomanana"]
[WhiteElo "1978"]
[BlackElo "1802"]
[PlyCount "252"]

1. e4 e5 2. Nf3 Nc6 3. Bb5 a6 4. Ba4 Nf6 5. Bxc6 dxc6 6. d3
Bg4 7. Nbd2 Bc5 8. h3 Bxf3 9. Qxf3 h6 10. Nc4 Qe7 11. Bd2
O-O-O 12. O-O-O Rd7 13. Bc3 Bd4 14. Bd2 Re8 15. Kb1 Rdd8
16. g4 Nd7 17. Qg3 f6 18. c3 Ba7 19. f4 exf4 20. Bxf4 Nc5
21. Rhe1 Ne6 22. Bc1 Kb8 23. d4 Qf7 24. b3 Ng5 25. e5 b5
26. Na5 Qg6+ 27. Qd3 Qxd3+ 28. Rxd3 Re6 29. exf6 Rxe1
30. Nxc6+ Kc8 31. Nxd8 Kxd8 32. fxg7 Re8 33. Bxg5+ hxg5
34. Rf3 Ke7 35. Rf5 Rg8 36. Rxg5 Kf6 37. Rh5 Kxg7 38. Kc2 Rf8
39. Rg5+ Kh6 40. h4 Rf2+ 41. Kd3 Rf3+ 42. Kd2 Rf2+ 43. Kd3
Rxa2 44. Re5 Bb6 45. Re6+ Kg7 46. h5 Rg2 47. Rg6+ Kh7 48. g5
Rg3+ 49. Kd2 b4 50. cxb4 Bxd4 51. Rxa6 Rxg5 52. Kd3 Bb6
53. Ra2 Rxh5 54. Re2 Rh3+ 55. Kc4 Kg6 56. Re5 Kf6 57. Rd5 Ke6
58. Rg5 Rh4+ 59. Kb5 Re4 60. Rg6+ Kf7 61. Rh6 Ke7 62. Rg6 Kd7
63. Rh6 Re5+ 64. Kc4 Re6 65. Rh5 Kc6 66. Rh4 Rd6 67. Rg4 Rd1
68. Rg6+ Kb7 69. Rg7 Rd4+ 70. Kb5 Rh4 71. Rf7 Rh3 72. Kc4 Ka6
73. Rf8 Rh4+ 74. Kc3 c6 75. Rf5 Bd4+ 76. Kc4 Bh8+ 77. Kc5 Rh6
78. Rf8 Bc3 79. Rf7 Be1 80. Rc7 Bf2+ 81. Kc4 Kb6 82. Rf7 Rh4+
83. Kc3 Be1+ 84. Kc2 Bxb4 85. Rf6 Kb5 86. Rf7 c5 87. Rb7+ Kc6
88. Rf7 Kd5 89. Rd7+ Ke6 90. Rd8 Rh2+ 91. Kb1 Ke5 92. Rd7 Ke4
93. Rd8 Rd2 94. Re8+ Kd3 95. Rh8 Rd1+ 96. Ka2 Bc3 97. Rh3+ Kc2
98. Rh2+ Rd2 99. Rh3 Bb4 100. Rf3 Kc1+ 101. Ka1 Rd1 102. Ka2
Kc2 103. Rf2+ Rd2 104. Rf3 Bc3 105. Ka3 Kb1 106. Rf1+ Kc2
107. Rf3 Rd1 108. Rf2+ Kd3 109. Ka4 Ra1+ 110. Kb5 Bd4
111. Rf3+ Kc2 112. b4 Rb1 113. Kc6 Rxb4 114. Kd5 Rb3 115. Rf5
Rd3 116. Kc4 Rc3+ 117. Kd5 Kd3 118. Rf3+ Kc2 119. Rf1 Be3
120. Rh1 Kb3 121. Rb1+ Kc2 122. Rh1 Kd3 123. Rh3 c4 124. Rh2
Rc1 125. Ke5 c3 126. Kd5 c2 0-1

[Event "FIDE Online Olympiad"]
[Site "Chess.com"]
[Date "2020.08.08"]
[EventDate "2020.08.07"]
[Round "5"]
[Result "0-1"]
[White "Christine Razafindrabiaza"]
[Black "Ghayda M Alattar"]
[WhiteElo "1562"]
[BlackElo "1950"]
[PlyCount "114"]

1. d4 Nf6 2. c4 g6 3. Nc3 Bg7 4. e4 d6 5. Nf3 O-O 6. Bd3 Nbd7
7. O-O e5 8. Be3 Ng4 9. dxe5 Nxe3 10. fxe3 Nxe5 11. Nxe5 Bxe5
12. Be2 Qh4 13. g3 Qg5 14. Qd3 Bh3 15. Rf3 c6 16. Bf1 Bg4
17. Rf2 h5 18. Bg2 h4 19. h3 hxg3 20. Rd2 Be6 21. Ne2 Bxc4
22. Qa3 Kg7 23. Rad1 Bxe2 24. Rxe2 a6 25. Qb3 b5 26. Qc2 c5
27. Qd2 Rac8 28. Qd5 Rc7 29. Rf1 c4 30. Bf3 c3 31. bxc3 Rxc3
32. Qd2 Rc4 33. Qd1 Qh6 34. Bg2 Qh5 35. Qd3 Rfc8 36. Rd2 R8c7
37. Rdd1 Rc3 38. Qd5 Qe2 39. Rde1 Qh5 40. Rf3 Rc2 41. Ref1 f6
42. Qe6 Qg5 43. Qg4 Qxg4 44. hxg4 Rxa2 45. g5 fxg5 46. Rf8 Re2
47. Bh3 Rxe3 48. Be6 Rxe4 49. Rg8+ Kh6 50. Kg2 Rc2+ 51. Kf3
Rf4+ 52. Kxg3 Rxf1+ 53. Kg4 Rg2+ 54. Kh3 Rh2+ 55. Kg4 Rf4+
56. Kg3 Rff2+ 57. Kg4 Rh4# 0-1

[Event "FIDE Online Olympiad"]
[Site "Chess.com"]
[Date "2020.08.08"]
[EventDate "2020.08.07"]
[Round "5"]
[Result "0-1"]
[White "Grace Gloria Ramarolafy"]
[Black "Alnasser Tala"]
[WhiteElo "1174"]
[BlackElo "1077"]
[PlyCount "70"]

1. e4 c5 2. Nc3 Nc6 3. f4 g6 4. Nf3 Bg7 5. Bc4 e6 6. Bb5 a6
7. Bxc6 bxc6 8. d3 Ne7 9. Be3 d6 10. O-O O-O 11. Qe1 f5
12. Qh4 h6 13. Rad1 Rb8 14. b3 Bxc3 15. Qxh6 Bg7 16. Qh3 Bf6
17. e5 Nd5 18. Bd2 dxe5 19. fxe5 Be7 20. c4 Nb6 21. Qh6 Qe8
22. Ng5 Bxg5 23. Bxg5 Rb7 24. Bf6 Rh7 25. Qg5 Rh5 26. Qg3 Nd7
27. Bh4 Qf7 28. Qf4 Qg7 29. Qf2 g5 30. Qf3 Rxh4 31. g3 Nxe5
32. Qe3 Rh6 33. Rde1 Ng4 34. Qxc5 Rxh2 35. Qxc6 Qh6 0-1

[Event "FIDE Online Olympiad"]
[Site "Chess.com"]
[Date "2020.08.08"]
[EventDate "2020.08.07"]
[Round "5"]
[Result "0-1"]
[White "Warre De Waele"]
[Black "Prin Laohawirapap"]
[WhiteElo "2238"]
[BlackElo "1834"]
[PlyCount "90"]

1. d4 Nf6 2. c4 c5 3. d5 e6 4. Nc3 exd5 5. cxd5 d6 6. Nf3 g6
7. Bf4 a6 8. a4 Bg7 9. h3 O-O 10. e3 Re8 11. Nd2 Nbd7 12. Be2
Ne5 13. O-O Nfd7 14. Bh2 f5 15. Re1 b6 16. Bf1 Rf8 17. f4 Nf7
18. e4 Nf6 19. exf5 gxf5 20. Bd3 Nh6 21. Nc4 Rb8 22. Ne3 Qd7
23. Rb1 b5 24. axb5 axb5 25. b4 c4 26. Bc2 Qf7 27. Qd2 Nh5
28. Rbd1 Re8 29. Ne2 Qa7 30. Nd4 Bd7 31. Kh1 Bxd4 32. Qxd4
Qxd4 33. Rxd4 Ra8 34. Kg1 Ra2 35. Rd2 Rb2 36. Rde2 Nf6 37. Nd1
Rxc2 38. Rxe8+ Bxe8 39. Ne3 Rb2 40. Bg3 Bd7 41. Bh4 Kf7
42. Bg5 Nhg8 43. Nf1 Rxb4 44. Ng3 c3 45. Rc1 Rc4 0-1

[Event "FIDE Online Olympiad"]
[Site "Chess.com"]
[Date "2020.08.08"]
[EventDate "2020.08.07"]
[Round "5"]
[Result "0-1"]
[White "Sarocha Chuemsakul"]
[Black "Tyani De Rycke"]
[WhiteElo "1694"]
[BlackElo "1924"]
[PlyCount "102"]

1. d4 d5 2. c4 e6 3. Nf3 Nf6 4. g3 Be7 5. Bg2 O-O 6. O-O b6
7. cxd5 exd5 8. Nc3 Bf5 9. Ne5 c6 10. Re1 Qc8 11. Bg5 Nbd7
12. Rc1 Re8 13. Qb3 Qb7 14. e4 Nxe4 15. Nxe4 Bxe4 16. Bxe7
Nxe5 17. Bxe4 dxe4 18. dxe5 Rxe7 19. Rxe4 Rae8 20. Rce1 Qd7
21. R4e3 Qe6 22. Qa4 Rd8 23. Rc1 c5 24. Kg2 Qd5+ 25. Kg1 Rxe5
26. Rce1 Rxe3 27. Rxe3 Qd1+ 28. Qxd1 Rxd1+ 29. Kg2 Kf8 30. Ra3
Rd2 31. Rxa7 Rxb2 32. Kf3 c4 33. Ke3 c3 34. Rc7 c2 35. Kd2
Rxa2 36. Rxc2 Rxc2+ 37. Kxc2 Ke7 38. Kc3 Kd6 39. Kc4 Kc6
40. f3 b5+ 41. Kb4 f5 42. f4 g6 43. h3 h6 44. g4 h5 45. gxf5
gxf5 46. h4 Kd5 47. Kxb5 Ke4 48. Kc4 Kxf4 49. Kd3 Kg3 50. Ke3
f4+ 51. Ke2 Kg2 0-1

[Event "FIDE Online Olympiad"]
[Site "Chess.com"]
[Date "2020.08.08"]
[EventDate "2020.08.07"]
[Round "5"]
[Result "0-1"]
[White "Jack Mizzi"]
[Black "Jawad Farhat"]
[WhiteElo "1543"]
[BlackElo "1693"]
[PlyCount "80"]

1. d4 d5 2. c4 e6 3. Nf3 Nf6 4. g3 Be7 5. Bg2 O-O 6. O-O Nbd7
7. Nbd2 c5 8. e3 b6 9. b3 Bb7 10. Bb2 Rc8 11. Rc1 Ne4 12. Nxe4
dxe4 13. Nd2 f5 14. f3 exf3 15. Bxf3 Bxf3 16. Nxf3 Nf6 17. Ne5
Ne4 18. Nd3 Bf6 19. Nf2 Ng5 20. h4 Nf7 21. Nh3 Nh6 22. Rc2 Ng4
23. Re2 Qc7 24. Qe1 Rcd8 25. Nf4 Rfe8 26. d5 Bxb2 27. Rxb2 Qe5
28. Re2 exd5 29. Nxd5 Re6 30. Rf3 Qe4 31. Rf4 Qe5 32. Rf3 h6
33. Nf4 Red6 34. Nd5 Nf6 35. Rff2 Qxg3+ 36. Rg2 Qxe1+ 37. Rxe1
Nxd5 38. cxd5 Rxd5 39. e4 Re5 40. Rge2 Rde8 0-1

[Event "FIDE Online Olympiad"]
[Site "Chess.com"]
[Date "2020.08.08"]
[EventDate "2020.08.07"]
[Round "5"]
[Result "0-1"]
[White "Araz Basim Mohammed S Al-Saffar"]
[Black "Richmond Phiri"]
[WhiteElo "2371"]
[BlackElo "2270"]
[PlyCount "102"]

1. d4 Nf6 2. Bf4 d5 3. e3 c5 4. c3 Nc6 5. Nd2 e6 6. Bd3 Bd6
7. Bg3 e5 8. dxe5 Nxe5 9. Bb5+ Bd7 10. Qe2 O-O 11. Ngf3 Qe7
12. Nxe5 Bxe5 13. Nf3 Bxg3 14. hxg3 Bxb5 15. Qxb5 a6 16. Qb6
Rac8 17. O-O Rc6 18. Qb3 Rd8 19. Rad1 Rcd6 20. Qc2 h6 21. Rd3
Qe4 22. Rfd1 b5 23. Qe2 a5 24. R3d2 b4 25. c4 R6d7 26. cxd5
Rxd5 27. b3 Rxd2 28. Rxd2 Qb1+ 29. Qf1 Qxf1+ 30. Kxf1 Ra8
31. Rc2 Ne4 32. Nd2 Nc3 33. a4 Rd8 34. Ke1 f5 35. Rc1 Kf7
36. Nc4 Ra8 37. Rc2 Ke6 38. Rd2 Ne4 39. Rd3 Ra6 40. Rd8 Nd6
41. Nxd6 Rxd6 42. Rxd6+ Kxd6 43. Ke2 Kd5 44. Kd3 g5 45. f3 h5
46. e4+ fxe4+ 47. fxe4+ Ke5 48. Kc4 Kxe4 49. Kb5 Kd3 50. Kxa5
c4 51. Kxb4 c3 0-1

[Event "FIDE Online Olympiad"]
[Site "Chess.com"]
[Date "2020.08.08"]
[EventDate "2020.08.07"]
[Round "5"]
[Result "0-1"]
[White "Linah Mululu"]
[Black "Zainab Asif Abdulah Al-Fayyadh"]
[WhiteElo "1582"]
[BlackElo "1728"]
[PlyCount "70"]

1. d4 d5 2. Nf3 Nf6 3. e3 e6 4. Bd3 Be7 5. Nbd2 b6 6. b3 Bb7
7. Bb2 Nbd7 8. Ne5 Nxe5 9. dxe5 Ne4 10. O-O O-O 11. Nf3 c5
12. Qe2 f6 13. c4 fxe5 14. Nxe5 Bf6 15. Qg4 Qc7 16. f4 Rfe8
17. Rf3 dxc4 18. Bxc4 Bd5 19. Bd3 Qb7 20. Rh3 Re7 21. Qh5 g6
22. Qg4 Bxe5 23. Bxe5 Rf7 24. Rd1 Raf8 25. Bxe4 Bxe4 26. Qg5
Rf5 27. Qg3 Qa6 28. Qh4 R5f7 29. Rd8 Qe2 30. Rxf8+ Kxf8
31. Qg3 Qd1+ 32. Kf2 Qd2+ 33. Kg1 Bd3 34. Qf3 Qe1+ 35. Qf1
Qxf1# 0-1

[Event "FIDE Online Olympiad"]
[Site "Chess.com"]
[Date "2020.08.08"]
[EventDate "2020.08.07"]
[Round "5"]
[Result "0-1"]
[White "Nderim Saraci"]
[Black "Grzegorz Toczek"]
[WhiteElo "2480"]
[BlackElo "2240"]
[PlyCount "96"]

1. d4 c5 2. d5 e6 3. c4 Nf6 4. Nc3 exd5 5. cxd5 d6 6. g3 g6
7. Bg2 Bg7 8. Nf3 O-O 9. O-O Re8 10. Nd2 a6 11. a4 Nbd7
12. Nc4 Ne5 13. Na3 Nh5 14. e4 b5 15. f4 Ng4 16. Bf3 b4
17. Bxg4 Bxg4 18. Qxg4 bxc3 19. bxc3 Rxe4 20. Qf3 Rxa4 21. f5
Qf6 22. Bd2 Qxf5 23. Qxf5 gxf5 24. Rxf5 Nf6 25. Nc2 Rxa1+
26. Nxa1 Rb8 27. Nc2 Rb2 28. Bg5 Ne4 29. Ne3 Bxc3 30. Nc4 Bd4+
31. Kh1 Rc2 32. Na5 Nxg5 33. Rxg5+ Kf8 34. Nc6 Bf6 35. Rf5 Kg7
36. Rf4 Rd2 37. Rg4+ Kf8 38. Rf4 Kg7 39. Rg4+ Kh6 40. Rf4 Kg6
41. Rg4+ Kh6 42. Rf4 Bb2 43. Ne7 Be5 44. Rxf7 c4 45. Ng8+ Kg6
46. Rc7 c3 47. Ne7+ Kg5 48. Nc6 c2 0-1

[Event "FIDE Online Olympiad"]
[Site "Chess.com"]
[Date "2020.08.08"]
[EventDate "2020.08.07"]
[Round "5"]
[Result "0-1"]
[White "William Hewitt"]
[Black "Korab Saraci"]
[WhiteElo "2038"]
[BlackElo "2077"]
[PlyCount "98"]

1. e4 e5 2. Nf3 Nf6 3. Nc3 Nc6 4. d4 exd4 5. Nxd4 d6 6. Be2
Be7 7. O-O O-O 8. Bf4 Nxd4 9. Qxd4 Be6 10. Rad1 Nd7 11. Nd5
Bxd5 12. Qxd5 Bf6 13. c3 Re8 14. Bc4 Qe7 15. Rfe1 Nb6 16. Qd3
Rad8 17. Bb3 Be5 18. Bxe5 Qxe5 19. Qf3 Re7 20. Re3 Rde8
21. Qe2 g6 22. Rf1 Kg7 23. Re1 Qc5 24. Qd3 f6 25. Qd4 Qe5
26. Qd3 a5 27. Bc2 Qc5 28. b3 Re5 29. h3 Qc6 30. Bb1 Qc5
31. Bc2 Qc6 32. Bb1 Nd7 33. Qd4 Nc5 34. f3 Ne6 35. Qd2 Nf4
36. Kh2 Qd7 37. Bd3 Rg5 38. Bf1 Qc6 39. Qd4 Re7 40. Rd1 Rge5
41. a4 Ne6 42. Qd2 Qc5 43. Rd3 Rg5 44. Rd5 Rxd5 45. Qxd5 Qxc3
46. Qxb7 Nc5 47. Qb5 Qxb3 48. Rb1 Qxa4 49. Qe2 Qd4 0-1

[Event "FIDE Online Olympiad"]
[Site "Chess.com"]
[Date "2020.08.08"]
[EventDate "2020.08.07"]
[Round "5"]
[Result "0-1"]
[White "Arlinda Aliu"]
[Black "Olivia Smith"]
[WhiteElo "1742"]
[BlackElo "1957"]
[PlyCount "54"]

1. e4 e5 2. Nf3 Nf6 3. Nc3 Bb4 4. d3 d5 5. Bd2 Nc6 6. exd5
Nxd5 7. Nxd5 Bxd2+ 8. Qxd2 Qxd5 9. Be2 O-O 10. O-O h6 11. Rfe1
Be6 12. c4 Qd7 13. Bf1 Rad8 14. Qc3 f6 15. Nd2 Nd4 16. Ne4 b6
17. Re3 Kh7 18. a4 Rde8 19. a5 Bf7 20. axb6 axb6 21. Be2 f5
22. Nd2 f4 23. Re4 Bg6 24. Rxd4 exd4 25. Qa3 Rxe2 26. Nf3 Rfe8
27. h3 Bh5 0-1

[Event "FIDE Online Olympiad"]
[Site "Chess.com"]
[Date "2020.08.08"]
[EventDate "2020.08.07"]
[Round "5"]
[Result "0-1"]
[White "Julie Wilson"]
[Black "Rinesa Saraci"]
[WhiteElo "1826"]
[BlackElo "1184"]
[PlyCount "156"]

1. d4 d5 2. c4 e6 3. Nf3 Nf6 4. Bg5 Nc6 5. Nc3 Be7 6. e3 h6
7. Bh4 O-O 8. Rc1 a6 9. Bd3 Nb4 10. Be2 Bd7 11. a3 Nc6 12. O-O
dxc4 13. Bxc4 b5 14. Bd3 Nd5 15. Bxe7 Qxe7 16. Bb1 Nf6 17. Qd3
Rfe8 18. d5 Na7 19. Rfe1 g6 20. e4 e5 21. Ne2 Bg4 22. h3 Bxf3
23. Qxf3 Qd6 24. Ng3 Rec8 25. Bd3 c6 26. dxc6 Nxc6 27. Qe3 Nd4
28. Red1 Rxc1 29. Rxc1 Rd8 30. Rd1 Rc8 31. Qxh6 Qf8 32. Qg5
Qd6 33. Qe3 Kg7 34. Be2 Nxe2+ 35. Qxe2 Qc6 36. Qd2 Qc7 37. Qg5
Qc2 38. Nf5+ Kf8 39. Qh6+ Ke8 40. Qg5 Qxd1+ 41. Kh2 gxf5
42. Qxf6 Rc1 43. Qxe5+ Kf8 44. Kg3 Qd2 45. Qh8+ Ke7 46. Qe5+
Kf8 47. Qh8+ Ke7 48. Qe5+ Kd7 49. Qxf5+ Kc6 50. Qf6+ Qd6+
51. Qxd6+ Kxd6 52. Kg4 Ke5 53. f3 Rc2 54. g3 Rxb2 55. h4 Ra2
56. h5 Rxa3 57. h6 Rd3 58. h7 Rd8 59. Kg5 b4 60. Kh6 b3
61. Kg7 f6 62. h8=Q Rxh8 63. Kxh8 b2 64. g4 b1=Q 65. Kg7 Qb7+
66. Kg6 Qb3 67. Kg7 Qxf3 68. Kf7 Qxe4 69. Kg7 Qxg4+ 70. Kf7 f5
71. Ke7 Qg6 72. Kd7 a5 73. Kc7 Kd5 74. Kb7 Qc6+ 75. Ka7 Kc5
76. Kb8 a4 77. Ka7 Qc7+ 78. Ka6 Qb6# 0-1

[Event "FIDE Online Olympiad"]
[Site "Chess.com"]
[Date "2020.08.08"]
[EventDate "2020.08.07"]
[Round "6"]
[Result "0-1"]
[White "Jason Garcia"]
[Black "Miora Andriamasoandro"]
[WhiteElo "2067"]
[BlackElo "2099"]
[PlyCount "132"]

1. Nf3 Nf6 2. c4 e6 3. g3 Nc6 4. Bg2 b6 5. O-O Bb7 6. b3 Be7
7. Bb2 O-O 8. d4 d5 9. Nc3 Na5 10. Ne5 dxc4 11. Bxb7 Nxb7
12. Nc6 Qe8 13. Nxe7+ Qxe7 14. bxc4 Rfd8 15. e3 Na5 16. Qa4
Qd7 17. Qb4 Qc6 18. c5 h5 19. h4 Qf3 20. Qb5 c6 21. Qe2 Qf5
22. cxb6 axb6 23. Ba3 Rd7 24. Na4 Rb7 25. Rab1 b5 26. Nc5 Rba7
27. e4 Qh3 28. Qf3 Nc4 29. Bb4 Rxa2 30. Nd3 Ng4 31. Qh1 Qxh1+
32. Kxh1 Nd2 33. Bxd2 Rxd2 34. Rbd1 Raa2 35. Kg1 Ne3 36. Rxd2
Rxd2 37. fxe3 Rxd3 38. Kf2 Rc3 39. Rb1 Rc2+ 40. Kf3 Kf8 41. d5
exd5 42. exd5 cxd5 43. Rxb5 Rd2 44. Rb7 g6 45. Rd7 Kg7 46. Ra7
Kf6 47. Rb7 Ke6 48. Rb6+ Kf5 49. Rb7 f6 50. Rb4 g5 51. hxg5
fxg5 52. e4+ dxe4+ 53. Rxe4 Rf2+ 54. Kxf2 Kxe4 55. Ke2 g4
56. Kf2 Kd3 57. Kg2 Ke2 58. Kg1 Kf3 59. Kh2 Kf2 60. Kh1 Kxg3
61. Kg1 h4 62. Kh1 Kf2 63. Kh2 g3+ 64. Kh1 g2+ 65. Kh2 g1=Q+
66. Kh3 Qg3# 0-1

[Event "FIDE Online Olympiad"]
[Site "Chess.com"]
[Date "2020.08.08"]
[EventDate "2020.08.07"]
[Round "6"]
[Result "0-1"]
[White "Sabine Ravelomanana"]
[Black "Olivia Smith"]
[WhiteElo "1802"]
[BlackElo "1957"]
[PlyCount "94"]

1. d4 Nf6 2. Nf3 d5 3. Bf4 c5 4. e3 Nc6 5. c3 Bf5 6. Nbd2 e6
7. Qb3 Qb6 8. Qxb6 axb6 9. Bc7 Nd7 10. Bb5 Be7 11. O-O O-O
12. Rfe1 Rfc8 13. Bg3 Nf6 14. h3 c4 15. Ne5 Ra5 16. Bxc6 bxc6
17. f3 h6 18. e4 Bh7 19. exd5 cxd5 20. Rec1 Nh5 21. Bh2 Bg5
22. f4 Nxf4 23. Rf1 Nd3 24. Ndf3 Be3+ 25. Kh1 Nf2+ 26. Kg1
Nxh3+ 27. Kh1 Nf2+ 28. Kg1 Ng4+ 29. Kh1 Nxh2 30. Nxh2 f6
31. Neg4 Bg5 32. Nf3 Bd3 33. Rfe1 Be4 34. Nxg5 hxg5 35. Nf2 f5
36. Kg1 Kf7 37. g4 g6 38. a3 Rh8 39. Re3 Rh4 40. gxf5 gxf5
41. Rae1 Ra8 42. Rg3 Kf6 43. Nxe4+ dxe4 44. Kf2 Rah8 45. Reg1
Rh2+ 46. R1g2 Rxg2+ 47. Rxg2 f4 0-1

[Event "FIDE Online Olympiad"]
[Site "Chess.com"]
[Date "2020.08.08"]
[EventDate "2020.08.07"]
[Round "6"]
[Result "0-1"]
[White "Kimberly Chong"]
[Black "Ny Koloina Andrianarison"]
[WhiteElo "1790"]
[BlackElo "1203"]
[PlyCount "80"]

1. e4 e6 2. d4 d5 3. exd5 exd5 4. c4 c6 5. Nf3 Nf6 6. Be2 Bd6
7. O-O O-O 8. Nc3 Be6 9. Qb3 Qc7 10. Bg5 Nbd7 11. Rac1 Ne4
12. Be3 Nxc3 13. Rxc3 Nf6 14. c5 Be7 15. Ne5 Ne4 16. Rcc1 Nxc5
17. dxc5 d4 18. Bc4 Qxe5 19. Bd2 Bxc4 20. Qxc4 Bf6 21. Rfe1
Qc7 22. Re4 Rad8 23. Rce1 Qd7 24. Bf4 Rfe8 25. Bd6 Rxe4
26. Rxe4 Re8 27. Qe2 Rxe4 28. Qxe4 b6 29. b4 a5 30. a3 bxc5
31. bxc5 h6 32. Kf1 Qb7 33. Qd3 a4 34. g3 Qb3 35. Qa6 Qb1+
36. Kg2 Qe4+ 37. Kf1 d3 38. Qc8+ Kh7 39. f3 Qxf3+ 40. Kg1 Bd4#
0-1

[Event "FIDE Online Olympiad"]
[Site "Chess.com"]
[Date "2020.08.08"]
[EventDate "2020.08.07"]
[Round "6"]
[Result "0-1"]
[White "Perparim Makoli"]
[Black "Chitumbo Mwali"]
[WhiteElo "2270"]
[BlackElo "2293"]
[PlyCount "64"]

1. e4 e5 2. Nf3 Nc6 3. Bb5 a6 4. Ba4 Nf6 5. O-O b5 6. Bb3 Be7
7. a4 b4 8. Re1 O-O 9. c3 d6 10. h3 Rb8 11. d4 bxc3 12. bxc3
exd4 13. cxd4 Nb4 14. Nc3 c5 15. dxc5 dxc5 16. Bf4 Rb7 17. Ne5
Be6 18. Bxe6 fxe6 19. Qe2 Qd4 20. Rac1 Nh5 21. Qxh5 Rxf4
22. Nf3 Qf6 23. Qe8+ Qf8 24. Qxf8+ Rxf8 25. Red1 Rc7 26. Ne5
c4 27. Ne2 Rfc8 28. Nf4 Bg5 29. Nxe6 Bxc1 30. Nxc7 Bf4 31. Nd5
Nxd5 32. Rxd5 Bxe5 0-1

[Event "FIDE Online Olympiad"]
[Site "Chess.com"]
[Date "2020.08.08"]
[EventDate "2020.08.07"]
[Round "6"]
[Result "0-1"]
[White "Rinesa Saraci"]
[Black "Linah Mululu"]
[WhiteElo "1184"]
[BlackElo "1582"]
[PlyCount "172"]

1. e4 d6 2. Nc3 c6 3. Nf3 e5 4. Bc4 Be7 5. d3 Nf6 6. h3 Nbd7
7. O-O O-O 8. Be3 Qc7 9. Bb3 Nb6 10. a3 d5 11. exd5 cxd5
12. Bxb6 Qxb6 13. Nxe5 Be6 14. Re1 Rad8 15. Nf3 h6 16. d4 a5
17. Qd3 Bd6 18. Rab1 Bb8 19. Qb5 Qc7 20. Rbd1 Qf4 21. Qxb7
Bxh3 22. Nxd5 Nxd5 23. Bxd5 Bg4 24. g3 Qf5 25. Be4 Qh5 26. Rd3
Kh8 27. Qc6 Rd6 28. Qc5 f5 29. Bb7 Rdf6 30. Nh2 Qg6 31. Nxg4
fxg4 32. Rf1 Rf5 33. Be4 Rxc5 34. Bxg6 Rxc2 35. Rb3 Rd2
36. Rb5 Bc7 37. Rf5 Rxf5 38. Bxf5 Rxd4 39. Rc1 Bd8 40. Rc8 Kg8
41. Kf1 Kf7 42. Ke2 Kf6 43. Bd3 Be7 44. Rc6+ Ke5 45. Ke3 Rd5
46. Be4 Bc5+ 47. Rxc5 Rxc5 48. Bd3 g5 49. b4 axb4 50. axb4 Rc3
51. Kd2 Rb3 52. b5 Kd4 53. Bf1 Rb2+ 54. Ke1 Ke4 55. Bc4 Kd4
56. Be2 h5 57. Kd1 Kc3 58. Ke1 Rb1+ 59. Bd1 Rxb5 60. Be2 Rb2
61. Ba6 Kd4 62. Bb7 h4 63. gxh4 gxh4 64. Bc8 h3 65. Bxg4 h2
66. Bf3 h1=Q+ 67. Bxh1 Rb1+ 68. Ke2 Rxh1 69. f3 Ke5 70. Ke3
Re1+ 71. Kf2 Rd1 72. Kg3 Kf5 73. Kf2 Kf4 74. Ke2 Rb1 75. Kd2
Kxf3 76. Kd3 Rd1+ 77. Kc4 Rd8 78. Kc5 Ke4 79. Kb5 Rc8 80. Kb6
Kd5 81. Kb5 Rb8+ 82. Ka6 Kc5 83. Ka7 Rb1 84. Ka8 Kc6 85. Ka7
Rb2 86. Ka8 Kc7 0-1

[Event "FIDE Online Olympiad"]
[Site "Chess.com"]
[Date "2020.08.08"]
[EventDate "2020.08.07"]
[Round "6"]
[Result "0-1"]
[White "Ndriqona Saraci"]
[Black "Lubuuto Bwalya Mulwale"]
[WhiteElo "1225"]
[BlackElo "1702"]
[PlyCount "75"]

1. e4 c5 2. Nf3 d6 3. d4 cxd4 4. Nxd4 Nf6 5. Nc3 g6 6. Be2 Bg7
7. Be3 O-O 8. O-O Nc6 9. Nf3 Bd7 10. Rb1 a6 11. Bd3 Rc8
12. Nd5 Nxd5 13. exd5 Nb4 14. c3 Nxd5 15. Re1 Bc6 16. Qd2 Nxe3
17. Qxe3 e6 18. h3 Re8 19. a3 Qd7 20. Nd4 e5 21. Nxc6 Rxc6
22. c4 f5 23. b3 e4 24. Bc2 d5 25. Rbd1 d4 26. Qf4 d3 27. Bb1
Bb2 28. a4 Bc3 29. Re3 Be5 30. Qh4 Rce6 31. Kh1 Qd6 32. g4 Bf6
33. g5 Bd4 34. Ree1 Qa3 35. f3 Qxb3 36. fxe4 Rxe4 37. Rxe4
Qxd1+ 38. Re1 0-1